Whistle - Flo Rida - All Lyrics - Statistics

General Stats
  • This quiz has been taken 89 times
  • The average score is 392 of 521
Answer Stats
Answer % Correct
baby,
100%
baby?
100%
baby
100%
Baby,
100%
blow
100%
blow,
100%
my
100%
oh-oh
100%
oh-oh-oh
100%
whistle,
100%
Whistle,
100%
whistle
100%
Whi-whistle,
100%
ya
100%
you
100%
You
100%
I
98%
it
98%
a
96%
Can
96%
can
96%
Let
96%
let
96%
me
96%
it
95%
it,
95%
it)
95%
know
95%
know,
95%
go
94%
go,
94%
Go
94%
your
94%
do
93%
(Do
93%
real
93%
to
93%
and
91%
And
91%
we
91%
put
90%
slow
90%
Slow
90%
slow,
90%
show
89%
Show
89%
how
88%
lips
88%
together
88%
just
85%
start
84%
close
83%
I'm
83%
I’m
83%
I'ma
83%
come
80%
Here
80%
gonna
77%
Girl,
72%
girl,
72%
on
60%
on,
60%
the
60%
Who
49%
in
48%
Yeah,
46%
It's
44%
it's
44%
like
44%
love
44%
So
43%
that
42%
no
40%
get
38%
girls
37%
bet
36%
Bet
36%
down,
35%
got
35%
don't
33%
if
33%
for
32%
one
32%
then
32%
bettin'
31%
That's
31%
give
30%
take
28%
'cause,
27%
‘Cause
27%
drop
27%
Flo
27%
live
27%
Shawty
27%
she
27%
champagne
26%
make
26%
ready
26%
There’s
26%
with
26%
work
26%
guilty,
25%
honor
25%
(Honor)
25%
mode
25%
Now
25%
Now,
25%
people
25%
stroke
25%
only
23%
Rida
23%
up
23%
ego
22%
little
22%
music
22%
(Music)
22%
not
22%
see
22%
them
22%
while
22%
back
21%
back,
21%
even
21%
Even
21%
everywhere
21%
freak
21%
more
21%
out
20%
hell
19%
around,
17%
damn
17%
genre
17%
(Genre)
17%
hamstrings,
17%
low
17%
never
17%
tryna
17%
control
16%
lose
16%
(Lose
16%
okay,
16%
twerk
16%
handle
15%
order
15%
stop
15%
perfect
14%
shame,
14%
under
14%
Look,
12%
Pulling
12%
lay
11%
longer
11%
man,
11%
shorty,
11%
banjo
10%
candle
10%
done
10%
pro,
10%
same
10%
amusing
9%
(Amusing)
9%
spin
9%
Told
9%
wider?
9%
blew
7%
Bugatti
7%
paved
7%
picture,
7%
road
7%
soprano
7%
pitch,
6%
Talented
6%
ain't
5%
issues,
5%
notes
5%
Hope
4%
park
4%
No matching quizzes found
Score Distribution
Percent of People with Each Score
Percentile by Number Answered
Your Score History
You have not taken this quiz